| 000 | 00759cam a2200229 4500 | ||
|---|---|---|---|
| 008 | 070424s20042004mx 000 0 spa u | ||
| 020 | _a8487682545 | ||
| 035 | _aa460147 | ||
| 100 | 1 | _aLawn, Martin | |
| 245 | 1 | 3 |
_aLa nueva formación del docente: _bIdentidad, Profesionalismo y trabajo en la enseñanza / _cMartín lawn, Jenny Ozga coaut; Jose M Pomares tr. |
| 250 | _a1a ed. | ||
| 260 |
_aMéxico: _bPomares ; _c2004 |
||
| 300 |
_a256p.: _c23cm |
||
| 504 | _aBibliografia p.235-246 e índice | ||
| 590 | _aPIFI 3.1 | ||
| 650 | 4 |
_aMestros, formación de _zGran bretaña |
|
| 650 | 4 |
_aeducación y estado _zGran Bretaña |
|
| 700 | 1 | _aOzga, Jenny coaut. | |
| 700 | 1 | _aPomares, Jose M. tr. | |
| 942 |
_2lcc _cLIB |
||
| 999 |
_c117996 _d117996 |
||